000 00961nam a2200265Ia 4500
003 OSt
005 20220923211311.0
006 a|||||r|||| 00| 0
007 ta
008 220922b |||||||| |||| 00| 0 hin d
020 _a9788179756591 (hbk)
_c600
024 _a317,474
037 _b79, 15/03/2017, Mallika Books
_cTextual
040 _aARTS
_cARTS
_bhin
041 _2hin
_ahin
082 _aO152,3N56x, Q6
100 _aसांभरिया, रत्नकुमार, ले.
_9160198
245 0 _aएयरगन का घोड़ा
246 _aEyaragan kā ghoड़ā
260 _aनई दिल्ली
_b अनामिका पब्लिशर्स
_c2016
300 _a240पृ.
_ccm.
650 _aहिन्दी कहानी
942 _hO152,3N56x, Q6
_cTEXL
_2CC
999 _c298260
_d298260